000
00298nam a2200121Ia 4500
008
191201s2019 xx 000 0 und d
100
_a
SONI, Sudhir
245
0
_a
Patarkarita avm Jansanchar Guide
260
_a
N. Delhi
_b
University Pub
300
_a
NULL
650
_a
General Books
942
_2
ddc
_c
BK
999
_c
726
_d
726